000 00274nam a2200109Ia 4500
008 200302s9999 xx 000 0 und d
100 _aNadia Amoroso & Other
245 _aDigital Landscape Architecture Now
260 _bThomes & Hudson.com
260 _c2012
300 _a304
999 _c3372
_d3372